000 00711nam a2200217 4500
001 135731
003 ES-MaACL
005 20230906194936.0
007 t|
008 070214s1961 sp r ||||1| spa d
100 1 _aRuiz de Alarcón y Mendoza, Juan.
_9100719
245 1 0 _aComedias selectas /
_cJuan Ruiz de Alarcón.
260 _aBarcelona :
_b[s. n.],
_c1961 (
_fGráf. Diamante)
300 _a235 p. ;
_c18 cm.
500 _aContiene: Los pechos privilegiados ; Las paredes oyen ; La verdad sospechosa.
700 1 _aVillalta, Mercedes M.
_9114987
740 0 _aLos pechos privilegiados.
740 0 _aLas paredes oyen.
740 0 _aLa verdad sospechosa.
852 _aES-MaACL
_jC-21473
_bR.49909
999 _c135731
_d135731